| 000 | 00788nam a22002295i 4500 | ||
|---|---|---|---|
| 001 | 167930 | ||
| 003 | ES-MaACL | ||
| 005 | 20250702063126.0 | ||
| 008 | 050930s1898 xxk | |||||||| ||eng d | ||
| 040 |
_aCAM _bspa _cCAM |
||
| 100 | 1 |
_aWilde, Oscar, _d1854-1900 _9241147 |
|
| 245 | 1 | 4 |
_aThe ballad of Reading Gaol / _cby C.3.3. |
| 250 | _a5th ed. | ||
| 260 |
_aLondon : _bLeonard Smithers, _c1898. |
||
| 300 |
_a[8] p., 31 h. ; _c23 cm. |
||
| 594 | _aEl COPAC señala como autor de la obra a Oscar Wilde. | ||
| 595 | _aLa mención de ed. consta la verso de la port. | ||
| 597 | _aLas h. impresas sólo al recto. | ||
| 752 |
_aGran Bretaña - _dLondres |
||
| 852 |
_aES-MaACL _jF-4270 _z-- Enc. hol. _z-- Dedic. ms. al Ateneo de Madrid, 1911 |
||
| 999 |
_c167930 _d167930 |
||